000 00344nam a2200145Ia 4500
100 _aFavret/a.G
650 _aElectrical Engineering
942 _cBK
654 _aDigital computer
245 _aIntroduction Digital Computer Application
260 _bVan Nostrand
_aNew York
_c1969
082 _a621.3
300 _a246
546 _aENGLISH
999 _c26980
_d26980